<?xml version="1.0" encoding="UTF-8"?>
<record
    xmlns:xsi="http://www.w3.org/2001/XMLSchema-instance"
    xsi:schemaLocation="http://www.loc.gov/MARC21/slim http://www.loc.gov/standards/marcxml/schema/MARC21slim.xsd"
    xmlns="http://www.loc.gov/MARC21/slim">

  <leader>00647nam a22002177a 4500</leader>
  <controlfield tag="005">20251013112137.0</controlfield>
  <controlfield tag="008">251013b        |||||||| |||| 00| 0 eng d</controlfield>
  <datafield tag="020" ind1=" " ind2=" ">
    <subfield code="a">9789353062019</subfield>
  </datafield>
  <datafield tag="040" ind1=" " ind2=" ">
    <subfield code="c">AL</subfield>
  </datafield>
  <datafield tag="041" ind1=" " ind2=" ">
    <subfield code="a">English</subfield>
  </datafield>
  <datafield tag="082" ind1=" " ind2=" ">
    <subfield code="a">621.3815</subfield>
    <subfield code="b">MAND</subfield>
  </datafield>
  <datafield tag="100" ind1=" " ind2=" ">
    <subfield code="a">M Morris Mano</subfield>
    <subfield code="9">242096</subfield>
  </datafield>
  <datafield tag="245" ind1=" " ind2=" ">
    <subfield code="a">Digital Design</subfield>
    <subfield code="b">: with an introduction to the verilog HDL VHDL and systemverilog</subfield>
  </datafield>
  <datafield tag="250" ind1=" " ind2=" ">
    <subfield code="a">6.</subfield>
  </datafield>
  <datafield tag="260" ind1=" " ind2=" ">
    <subfield code="a">Noida</subfield>
    <subfield code="b">Pearson</subfield>
    <subfield code="c">2025</subfield>
  </datafield>
  <datafield tag="300" ind1=" " ind2=" ">
    <subfield code="a">764p.</subfield>
    <subfield code="b">PB</subfield>
    <subfield code="c">23.5x17cm.</subfield>
  </datafield>
  <datafield tag="365" ind1=" " ind2=" ">
    <subfield code="a">ABDI/0818/25</subfield>
    <subfield code="b">&#x20B9;637.50</subfield>
    <subfield code="c">&#x20B9;</subfield>
    <subfield code="d">&#x20B9;850.00</subfield>
    <subfield code="e">25%</subfield>
    <subfield code="f">03-10-2025</subfield>
  </datafield>
  <datafield tag="650" ind1=" " ind2=" ">
    <subfield code="a">Electronics</subfield>
    <subfield code="9">242097</subfield>
  </datafield>
  <datafield tag="700" ind1=" " ind2=" ">
    <subfield code="a">Ciletti,Michael D</subfield>
    <subfield code="9">242098</subfield>
  </datafield>
  <datafield tag="942" ind1=" " ind2=" ">
    <subfield code="2">ddc</subfield>
    <subfield code="c">BK</subfield>
  </datafield>
  <datafield tag="999" ind1=" " ind2=" ">
    <subfield code="c">240532</subfield>
    <subfield code="d">240532</subfield>
  </datafield>
  <datafield tag="952" ind1=" " ind2=" ">
    <subfield code="0">0</subfield>
    <subfield code="1">0</subfield>
    <subfield code="2">ddc</subfield>
    <subfield code="4">0</subfield>
    <subfield code="7">0</subfield>
    <subfield code="8">ISE</subfield>
    <subfield code="a">SE</subfield>
    <subfield code="b">SE</subfield>
    <subfield code="d">2025-10-13</subfield>
    <subfield code="e">Academic Book Distributors, Bengaluru-562159</subfield>
    <subfield code="g">637.50</subfield>
    <subfield code="l">1</subfield>
    <subfield code="o">621.3815 MAND</subfield>
    <subfield code="p">SE000030</subfield>
    <subfield code="r">2026-04-02 10:57:00</subfield>
    <subfield code="s">2026-01-08</subfield>
    <subfield code="v">850.00</subfield>
    <subfield code="w">2025-03-10</subfield>
    <subfield code="y">BK</subfield>
  </datafield>
  <datafield tag="952" ind1=" " ind2=" ">
    <subfield code="0">0</subfield>
    <subfield code="1">0</subfield>
    <subfield code="2">ddc</subfield>
    <subfield code="4">0</subfield>
    <subfield code="7">0</subfield>
    <subfield code="8">ISE</subfield>
    <subfield code="a">SE</subfield>
    <subfield code="b">SE</subfield>
    <subfield code="d">2025-10-13</subfield>
    <subfield code="e">Academic Book Distributors, Bengaluru-562159</subfield>
    <subfield code="g">637.50</subfield>
    <subfield code="l">1</subfield>
    <subfield code="o">621.3815 MAND</subfield>
    <subfield code="p">SE000031</subfield>
    <subfield code="r">2026-03-27 17:21:38</subfield>
    <subfield code="s">2026-03-16</subfield>
    <subfield code="v">850.00</subfield>
    <subfield code="w">2025-03-10</subfield>
    <subfield code="y">BK</subfield>
  </datafield>
  <datafield tag="952" ind1=" " ind2=" ">
    <subfield code="0">0</subfield>
    <subfield code="1">0</subfield>
    <subfield code="2">ddc</subfield>
    <subfield code="4">0</subfield>
    <subfield code="7">0</subfield>
    <subfield code="8">ISE</subfield>
    <subfield code="a">SE</subfield>
    <subfield code="b">SE</subfield>
    <subfield code="d">2025-10-13</subfield>
    <subfield code="e">Academic Book Distributors, Bengaluru-562159</subfield>
    <subfield code="g">637.50</subfield>
    <subfield code="l">0</subfield>
    <subfield code="o">621.3815 MAND</subfield>
    <subfield code="p">SE000032</subfield>
    <subfield code="r">2025-10-13 11:39:24</subfield>
    <subfield code="v">850.00</subfield>
    <subfield code="w">2025-03-10</subfield>
    <subfield code="y">BK</subfield>
  </datafield>
  <datafield tag="952" ind1=" " ind2=" ">
    <subfield code="0">0</subfield>
    <subfield code="1">0</subfield>
    <subfield code="2">ddc</subfield>
    <subfield code="4">0</subfield>
    <subfield code="7">0</subfield>
    <subfield code="8">ISE</subfield>
    <subfield code="a">SE</subfield>
    <subfield code="b">SE</subfield>
    <subfield code="d">2025-10-13</subfield>
    <subfield code="e">Academic Book Distributors, Bengaluru-562159</subfield>
    <subfield code="g">637.50</subfield>
    <subfield code="l">1</subfield>
    <subfield code="o">621.3815 MAND</subfield>
    <subfield code="p">SE000033</subfield>
    <subfield code="r">2026-05-11 12:43:47</subfield>
    <subfield code="s">2026-04-30</subfield>
    <subfield code="v">850.00</subfield>
    <subfield code="w">2025-03-10</subfield>
    <subfield code="y">BK</subfield>
  </datafield>
  <datafield tag="952" ind1=" " ind2=" ">
    <subfield code="0">0</subfield>
    <subfield code="1">0</subfield>
    <subfield code="2">ddc</subfield>
    <subfield code="4">0</subfield>
    <subfield code="7">0</subfield>
    <subfield code="8">ISE</subfield>
    <subfield code="a">SE</subfield>
    <subfield code="b">SE</subfield>
    <subfield code="d">2025-10-13</subfield>
    <subfield code="e">Academic Book Distributors, Bengaluru-562159</subfield>
    <subfield code="g">637.50</subfield>
    <subfield code="l">0</subfield>
    <subfield code="o">621.3815 MAND</subfield>
    <subfield code="p">SE000034</subfield>
    <subfield code="r">2025-10-13 11:39:24</subfield>
    <subfield code="v">850.00</subfield>
    <subfield code="w">2025-03-10</subfield>
    <subfield code="y">BK</subfield>
  </datafield>
</record>
